Sincronización de ciclos e integración latinoamericana: nuevas hipótesis tras otro ejercicio empírico = Synchronization of Cycles and Latin American integration : new hypotheses following another empirical exercise /

Gorde:
Xehetasun bibliografikoak
Egile nagusia: Héctor González, Germán
Beste egile batzuk: Hurtado Rendón, Alvaro, Patiño Restrepo, Ana María
Formatua: Texto
Etiketak: Etiketa erantsi
Etiketarik gabe, Izan zaitez lehena erregistro honi etiketa jartzen!

MARC

LEADER 00000 a a2200000 04500
001 48081
003
040
100 |a Héctor González, Germán  
245 |a Sincronización de ciclos e integración latinoamericana: nuevas hipótesis tras otro ejercicio empírico =   |b Synchronization of Cycles and Latin American integration : new hypotheses following another empirical exercise /  |c Germán Héctor González, Alvaro Hurtado Rendón, Ana María Patiño Restrepo  
700 |a Héctor González, Germán  
700 |a Hurtado Rendón, Alvaro  
700 |a Patiño Restrepo, Ana María  
773 |g volumen14, número35, (2012), páginas 3-26 : tablas, gráficos  
999 |c 21208  |d 21208